| 000 | 00830nam a22002897a 4500 | ||
|---|---|---|---|
| 001 | 5320 | ||
| 003 | FISKH | ||
| 005 | 20241126091249.0 | ||
| 008 | 241126b cb ||||| |||| 00| 0 eng d | ||
| 020 | _a9780060539467 | ||
| 040 |
_aFISKH _beng _cFISKH _dFISKH |
||
| 050 | _aPZ7.M462 | ||
| 082 | _a468 | ||
| 100 |
_aMayer, Mercer _d(1943-) |
||
| 245 |
_aJust a school project / _cBy Mercer Mayer |
||
| 250 | _aPublished in 2004 | ||
| 260 |
_aNew York : _bHarperFestival, _c2004. |
||
| 300 |
_a23 pages : _bColor illustrations ; _c21 cm |
||
| 505 | _aL | ||
| 520 | _aLittle Critter researches and creates a science fair project on caterpillars. | ||
| 521 | 8 |
_a510L
_bLexile |
|
| 521 | 8 |
_aL
_bRaz-Plus |
|
| 650 |
_2Butterfly _aFiction |
||
| 650 |
_2Caterpillar _aScience fair |
||
| 942 |
_2ddc _cBK _n0 |
||
| 999 |
_c5320 _d5320 |
||